Priestorová diferenciácia a teória hier

Analýza problematiky umiestnenia vzájomne si konkurujúcich firiem na nedokonalom trhu prostredníctvom skúmania lokačných hier Hotellinga.

Saved in:
Bibliographic Details
Main Author: Sequeira Lopez, Allan Jose, 1986-
Format: Book Chapter
Language:Slovak
Subjects:
Tags: Add Tag
No Tags, Be the first to tag this record!

MARC

LEADER 00000nla a2200000 4500
001 0237974
005 20240502073841.3
041 0 |a slo 
044 |a SK 
245 1 0 |a Priestorová diferenciácia a teória hier  |c Allan Jose Sequeira Lopez 
520 |a Analýza problematiky umiestnenia vzájomne si konkurujúcich firiem na nedokonalom trhu prostredníctvom skúmania lokačných hier Hotellinga. 
610 2 0 |a teória hier 
610 2 0 |a trh 
610 2 0 |a konkurencia 
610 2 0 |a firmy 
100 1 |a Sequeira Lopez, Allan Jose, 1986-